000 00197nam a2200085Ia 4500
008 211110s9999 xx 000 0 und d
100 _aBester, Maryanne
_9897
245 0 _aBaobab trails
942 _cBK
999 _c608312
_d608311